000 00608nam a2200193Ia 4500
005 20250507130216.0
008 008 250505s9999 xx 000 0 eng d
037 _aSeries Article
040 _aEASL
_beng
_cEASL
041 _aeng
_2eng
084 _qEASL
100 _aSchoenhals Michael
_9455323
245 0 _aRecruiting agents in industry and trade-lifting the veil on early people's republic of china operational work
260 _aUK
_bCambridge Cambridge University Press UK
_c2012
300 _a1317-1345
650 _aAsian Studies
942 _cSRA
999 _c1318336
_d1318336